00647nam a2200193Ia 4500952013100000999001700131003000400148005001700152008004100169020001800210040000900228082002200237100002500259245006500284260003200349300000900381650001300390942005000403 00102ddc40708SSaMESbMEScMALd2019-02-20g50.00l0o894.812301 KUM/Mp31953r2019-02-20 00:00:00w2019-02-20yBKzGR30R2 c29269d29269OSt20210105115150.0190216s9999||||xx |||||||||||||| ||und|| a9788126410149 coclc a894.812301bKUM/M aKumar, Nirmal 95658 0aMananchirayile Pottichirikkunna Pathradhipar /cNirmal Kumar bDc Books,aKottayam:c2005. a107p aKathakal cBK2ddch894.812301iKUM/Mk894.812301mKUM/M